000
00272nam a22001217a 4500
008
171129b xxu||||| |||| 00| 0 eng d
041
_a
eng
080
_a
038
100
_a
23
101
_a
FJA
245
_a
WEBSTER'S NEW WORLD DICTIONARY
_c
GURALNIK,D.B
942
_2
udc
_c
BK
999
_c
38614
_d
38614